<?xml version="1.0" encoding="UTF-8"?>
<collection xmlns="http://www.loc.gov/MARC21/slim">
  <record>
    <leader>00000nam  2200000   4500</leader>
    <controlfield tag="001">INLIS000000000018954</controlfield>
    <controlfield tag="005">20250120015514</controlfield>
    <datafield tag="035" ind1="#" ind2="#">
      <subfield code="a">0010-0125000098</subfield>
    </datafield>
    <controlfield tag="007">ta</controlfield>
    <controlfield tag="008">250120################g##########0#ind##</controlfield>
    <datafield tag="020" ind1="#" ind2="#">
      <subfield code="a">978-602-1691-97-7</subfield>
    </datafield>
    <datafield tag="082" ind1="#" ind2="#">
      <subfield code="a">005.268</subfield>
    </datafield>
    <datafield tag="084" ind1="#" ind2="#">
      <subfield code="a">005.268 RON a</subfield>
    </datafield>
    <datafield tag="100" ind1=" " ind2="#">
      <subfield code="a">Ronald Budi</subfield>
    </datafield>
    <datafield tag="245" ind1="1" ind2="#">
      <subfield code="a">Administrasi Server dalam Jaringan Menggunakan Linux /</subfield>
      <subfield code="c">Ronald Budi</subfield>
    </datafield>
    <datafield tag="260" ind1="#" ind2="#">
      <subfield code="a">Yogyakarta :</subfield>
      <subfield code="b">Skripta Media Creatve,</subfield>
      <subfield code="c">2018</subfield>
    </datafield>
    <datafield tag="300" ind1="#" ind2="#">
      <subfield code="a">vi , 98 hlm :</subfield>
      <subfield code="b">ill. ;</subfield>
      <subfield code="c">4.9 MB</subfield>
    </datafield>
    <datafield tag="650" ind1="#" ind2="4">
      <subfield code="a">Komputer</subfield>
    </datafield>
    <datafield tag="650" ind1="#" ind2="4">
      <subfield code="a">Internet</subfield>
    </datafield>
    <datafield tag="520" ind1="#" ind2="#">
      <subfield code="a">Linux Server merupakan sistem operasi berbasis server yang sangat populer dan sudah diakui kecanggihannya. Kelengkapan fasilitas dan kemampuannya yang luar biasa dalam sebuah jaringan berbasis klien server, benar-benar mampu membantu dan memudahkan dalam membangun sebuah jaringan berbasis klien server. Linux Server memiliki fitur-fitur yang cukup lengkap. Sistem operasi ini lebih stabil dan kebal terhadap virus. Hal ini menjadikan Linux Server sebagai sistem operasi berbasis server yang handal dan tangguh untuk keperluan organisasi atau perusahaan.&#13;
&#13;
Buku ini mengupas tuntas langkah-langkah mengadministrasi server dalam jaringan menggunakan Linux. Dalam setiap pokok bahasan, buku ini akan mengulas teknik-teknik dan pengaturan yang hanya dapat dijumpai dalam Linux Server seperti mengkonfigurasi IP serta remot server.</subfield>
    </datafield>
    <datafield tag="856" ind1="#" ind2="#">
      <subfield code="a">https://web-ipustakalan.moco.co.id/book/fb5c0fa3-5cf6-41d6-9165-8cdb824d7dc5</subfield>
    </datafield>
    <datafield tag="990" ind1="#" ind2="#">
      <subfield code="a">2024/4/A/0015</subfield>
    </datafield>
    <datafield tag="990" ind1="#" ind2="#">
      <subfield code="a">2024/4/A/0016</subfield>
    </datafield>
  </record>
</collection>
